000 01795nam0a2200337 4500
001 RU\NLR\bibl\535735
005 20260407085507.0
010 _a5-88449-133-6
_92000
021 _aRU
_b2004-12353
_9629
035 _a(NLR Aleph) 000528012
090 _a1335074
_c1335074
100 _a20040702d2003 |||y0rusy50 ca
101 0 _arus
102 _aRU
105 _aach |||||||||
200 1 _aВсероссийский мемориальный музей-заповедник Василия Макаровича Шукшина в Сростках
_eпутеводитель
_f[М-во культуры Рос. Федерации, Ком. Администрации Алт. края по культуре и туризму
_gавт.-сост.: Т. Н. Попова]
210 _aБарнаул
_cВсерос. мемор. музей-заповедник В. М. Шукшина
_d2003
215 _a67 с.
_cил., цв. ил., портр., факс.
_d21
300 _aПосвящ. 25-летию музея
320 _aБиблиогр.: с. 66
601 0 2 _aВсероссийский мемориальный музей-заповедник В.М. Шукшина
_cСростки село, Алтайский край
_92342212
_3RU\NLR\auth\661399935
601 0 2 _aДом-музей В.М.Шукшина в Сростках
_9999138
_3RU\NLR\auth\66378627
686 _aШ5(2=Р)7-4Шукшин.л6
702 1 _aПопова
_bТ. Н.
_4220
711 0 2 _aВсероссийский мемориальный музей-заповедник В. М. Шукшина
_cс. Сростки, Алтайский край
_9593190
_3RU\NLR\AUTH\8810046769
801 0 _aRU
_bNLR
_c20040702
_gPSBO
801 1 _aRU
_bNLR
_c20040702
942 _cBOOK
980 _aNB